000
00319nam a2200121Ia 4500
008
220204s9999 xx 000 0 und d
082
_a
622.323
_b
HAR
100
_a
Harbaugh, John W
245
0
_a
Probability methods in oil exploration
260
_a
New York
_b
John Wiley
_c
1977
650
_a
Oil exploration
942
_c
BK
999
_c
25710
_d
25710